Southville International School and Colleges
Your cart is empty.
  • Cart
  • Lists
    Public lists Eva Luna New books Lux_list list_1
    Your lists Log in to create your own lists
  • Log in to your account
  • Your cookies
  • Search history
Southville International School and Colleges
  • Advanced search
  • Recent comments
  • Most popular
  • Libraries

Log in to your account

Log in with GOOGLE


If you do not have an external account, but do have a local account, you can still log in:

  1. Home
  2. MARC view: William Tell /
Normal view MARC view ISBD view

William Tell / (Record no. 110008)

[ view plain ]
MARC details
000 -LEADER
fixed length control field 00651nam a2200217 a 4500
001 - CONTROL NUMBER
control field 2120
005 - DATE AND TIME OF LATEST TRANSACTION
control field 20140414131848.0
008 - FIXED-LENGTH DATA ELEMENTS--GENERAL INFORMATION
fixed length control field 001116s19uu xx 00 eng d
020 ## - INTERNATIONAL STANDARD BOOK NUMBER
International Standard Book Number 0-8172-2630-3
050 ## - LIBRARY OF CONGRESS CALL NUMBER
Classification number M 398.2
Item number T74 1987
100 ## - MAIN ENTRY--PERSONAL NAME
Personal name Trotman, Felicity
245 ## - TITLE STATEMENT
Title William Tell /
Statement of responsibility, etc retold by Felicity Trotman ; illustrated by Chris Molan.
260 ## - PUBLICATION, DISTRIBUTION, ETC. (IMPRINT)
Place of publication, distribution, etc Austin, Texas :
Name of publisher, distributor, etc Raintree Steck-Vaughn,
Date of publication, distribution, etc 1992.
300 ## - PHYSICAL DESCRIPTION
Extent 32 p. : ill. ; cm.
500 ## - GENERAL NOTE
General note Raintree Stories
650 ## - SUBJECT ADDED ENTRY--TOPICAL TERM
Topical term or geographic name as entry element Tell, Wilhelm -- Legends.
650 ## - SUBJECT ADDED ENTRY--TOPICAL TERM
Topical term or geographic name as entry element Legends -- Switzerland.
650 ## - SUBJECT ADDED ENTRY--TOPICAL TERM
Topical term or geographic name as entry element Tell, William.
650 ## - SUBJECT ADDED ENTRY--TOPICAL TERM
Topical term or geographic name as entry element Folklore -- Switzerland.
Holdings
Withdrawn status Lost status Damaged status Use restrictions Home library Current library Shelving location Date acquired Source of acquisition Total Checkouts Full call number Barcode Date last seen Price effective from Koha item type
        Munich Library Munich Library Main Section 05/30/2005     M 398.2 T74 1987 M0247 04/14/2014 04/14/2014 Books

William Tell /

APA

Trotman F., . (1992). William Tell. Austin, Texas: Raintree Steck-Vaughn.

Chicago

Trotman Felicity, . 1992. William Tell. Austin, Texas: Raintree Steck-Vaughn.

Harvard

Trotman F., . (1992). William Tell. Austin, Texas: Raintree Steck-Vaughn.

MLA

Trotman Felicity, . William Tell. Austin, Texas: Raintree Steck-Vaughn. 1992.

  • Place hold
  • Print
  • Cite
  • Add to your cart (remove)
  • Save record
    BIBTEX Dublin Core MARCXML MARC (non-Unicode/MARC-8) MARC (Unicode/UTF-8) MARC (Unicode/UTF-8, Standard) MODS (XML) RIS
  • More searches
    Search for this title in:
    Other Libraries (WorldCat) Other Databases (Google Scholar) Online Stores (Bookfinder.com) Open Library (openlibrary.org)

Exporting to Dublin Core...

SOUTHVILLE LIBRARY

Southville International School and Colleges Library

1281 Tropical Ave. Cor. Luxembourg St., BF Homes International, Las Pinas City

Tel. No. 8256374 / 252358 Loc. 117/146

Powered by Koha